Benefits and drawbacks of virtual currency bitcoin

Definícia virtuálnej meny. Základná charakteristika využitia Bitcoinu. Sumarizácia výhod a nedostatkov.

Salvato in:
Dettagli Bibliografici
Autore principale: Jurík, Pavol, 1987-
Natura: Capitolo di libro
Lingua:inglese
Soggetti:
Tags: Aggiungi Tag
Nessun Tag, puoi essere il primo ad aggiungerne!!

MARC

LEADER 00000nla a2200000 4500
001 0227455
005 20260216122032.6
041 0 |a eng 
044 |a HU 
245 1 0 |a Benefits and drawbacks of virtual currency bitcoin  |c Pavol Jurík 
520 |a Definícia virtuálnej meny. Základná charakteristika využitia Bitcoinu. Sumarizácia výhod a nedostatkov. 
610 2 0 |a mena virtuálna 
610 2 0 |a inovácie technologické 
610 2 0 |a technológie nové 
610 2 0 |a technológie informačné 
610 2 0 |a technológie komunikačné 
100 1 |a Jurík, Pavol, 1987-